Quick Pick: 'D' Beverages Quiz Stats

 Plays Quiz Updated May 1, 2018

Challenge
Share
Tweet
Embed
Score 0/12 Timer 01:00
1 Play Today
% Correct
Dr Pepper
97.5%
Dewar's
86.5%
Dasani
85.4%
Dark & Stormy
75.4%
Drambuie
73.7%
Danziger Goldwasser
72.8%
Dogfish Head
70.7%
Dad's
68.6%
Deja Blue
67.5%
Dirty Bird
64.9%
Dubel
39.2%
Dumante
38.2%

Today's Daily Dose

You're not logged in!

Compare scores with friends on all Sporcle quizzes.
Join for Free
OR
Log In

You Might Also Like...

Show Comments

Extras

Top Quizzes Today


Score Distribution

Your Account Isn't Verified!

In order to create a playlist on Sporcle, you need to verify the email address you used during registration. Go to your Sporcle Settings to finish the process.

Report this User

Report this user for behavior that violates our Community Guidelines.

Details: